| 000 | 00365cam a2200145 a 4500 | ||
|---|---|---|---|
| 020 | _a0070185662 | ||
| 082 | 0 | 0 |
_a510 _bDYM/IN |
| 100 | 1 | _aDymàček, Wayne M. | |
| 245 | 1 | 0 | _aIntroduction to discrete mathematics / |
| 260 |
_aNew York : _bMcGraw-Hill, _c1998. |
||
| 300 |
_axxi, 690 p. : _bill. ; |
||
| 650 | 0 | _aMathematics. | |
| 700 | 1 | _aSharp, Henry, | |
| 942 | _cBK | ||
| 999 |
_c13948 _d13948 |
||